000 00479nam a2200181Ia 4500
005 20250508152349.0
008 008 250505s9999 xx 000 0 eng d
037 _aTextual
040 _aFEDL
_beng
_cFEDL
041 _aeng
_2eng
084 _a616.01, BAR
_qFEDL
100 _aBaron A L
_9761298
245 0 _aMan against germs
260 _aLondon, UK
_bRobert Hale Ltd
_c1958
300 _a208p.
942 _cTEXL
_h616.01, BAR
999 _c1335931
_d1335931